| 000 | 00836nam a2200241 a 4500 | ||
|---|---|---|---|
| 001 | 13450 | ||
| 003 | BD-JhCC | ||
| 005 | 20230924132955.0 | ||
| 008 | 230924b2020 bg |||| ||a| 000 0 ben d | ||
| 020 | _a9789849117667 | ||
| 035 | _a(BD-JhCC)13450 | ||
| 040 |
_aBD-JhCC _dBD-JhCC |
||
| 041 | _abengali | ||
| 082 |
_223 _a297.12 _bMUS 2020 |
||
| 100 | _aমুসলেহ,মুফতী মাহফুজ | ||
| 245 |
_aদানে বাড়ে ধন / _bমুফতী মাহফুজ মুসলেহ, সম্পা: মুহাম্মাদ আদম আলী। |
||
| 260 |
_aঢাকা: _bমাকতাবাতুম ফুকান; _c2020. |
||
| 300 |
_a79 p. : _c22 cm. |
||
| 650 | _aBengali Novel. | ||
| 700 | _aআলী, মুহাম্মাদ আদম | ||
| 942 |
_2ddc _cBK |
||
| 999 |
_c13450 _d13450 |
||